Jeden z dziesięciu 5 - Statystyki

Ogólne statystyki
  • Ten quiz został rozwiązany 28 razy
    20 od ostatniego zresetowania
  • Średni wynik to 30 z 40
Statystyki odpowiedzi
Zagadnienie Odpowiedź % Poprawnych
Kto jest autorem zbiorów opowiadań "Sklepy Cynamonowe" oraz "Sanatorium pod Klepsydrą"? Bruno Schulz
100%
Kto w piosence harcerskiej opowiada starodawne dzieje? Drużynowy
100%
Kto odkrył prawo powszechnego ciążenia? Isaac Newton
100%
Jaki tytuł nosi w Polsce przewodniczący Sejmu? Marszałek
100%
Jak nazywa się słone jezioro, największa depresja na Ziemi? Morze Martwe
100%
Czy rzeka Kongo jest najdłuższą rzeką w Afryce? Nie
100%
Czy bałtycka wyspa Uznam należy do Szwecji? Nie
100%
Kształt której figury geometrycznej ma znak drogowy oznaczający drogę ekspresową? Prostokąta
100%
Ernest Hemingway był korespondentem wojennym podczas wojny domowej w którym kraju? W Hiszpanii
100%
"Supremacja" to zwierzchnictwo, czy poddaństwo? Zwierzchnictwo
100%
"O tempora, o mores!" Kto powiedział te słowa? Cyceron
86%
Ile dzielników ma każda liczba pierwsza? Dwa
86%
Który niemiecki poeta jest autorem słów "Ody do radości"? Friedrich Schiller
86%
Jakie nazwisko nosił włoski malarz zwany "Rafaelem"? Santi
86%
Stolicą którego państwa jest miasto, które dawniej było stolicą Jugosławii? Serbii
86%
Jak nazywał się pierwszy morski statek towarowy, zbudowany po II Wojnie Światowej w stoczni gdańskiej? Sołdek
86%
Pod jakim pseudonimem znany był Stanisław Cichocki, przedwojenny polski włamywacz, nazywany "królem kasiarzy"? Szpicbródka
86%
W której religii obchodzone jest Święto Trąbek? W Judaizmie
86%
W którym wieku Polska przyjęła międzynarodowy układ jednostek miar SI? W XX
86%
W którym roku wybuchło I Powstanie Śląskie? 1919
71%
Jaką trajektorię miałaby krzywa balistyczna, gdyby nie było oporów powietrza? Byłaby parabolą
71%
Pod jakim nazwiskiem znany był Giuseppe Balsamo, włoski awanturnik, znany z wielu przygód? Cagliostro
71%
Jak nazywa się krzew rodzący orzechy laskowe? Leszczyna
71%
Na którym kontynencie znajdują się Góry Królowej Aleksandry oraz Góry Królowej Fabioli? Na Antarktydzie
71%
Ile razy Walentina Tiereszkowa odbyła lot w kosmos? Raz
71%
Gustaw Holoubek i Emil Karewicz zagrali tego samego polskiego króla. Którego? Władysława II Jagiełłę
71%
W której rzece utopiono Jana Nepomucena, czeskiego świętego? W Wełtawie
71%
Kontratenor jest głosem wyższym, czy niższym, niż tenor? Wyższym
71%
Kto, w powieści "Ogniem i Mieczem" Sienkiewicza, rywalizował z Janem Skrzetuskim o serce Heleny Kurcewiczównej? Bohun
57%
Kilim jest tkaniną jedno- czy dwustronną? Dwustronną
57%
Czy foton to cząstka elementarna, która posiada ładunek elektryczny? Nie
57%
Na czyim weselu, Eris rzuciła między boginie jabłko niezgody z napisem "Dla najpiękniejszej"? Peleusa i Tetydy
57%
W którym języku pisał hrabia Jan Potocki, podróżnik i literat? Po francusku
57%
"Otologia" to dział medycyny zajmujący się którą częścią ciała? Uszami
57%
W którym mieście znajduje się główna siedziba komitetu Czerwonego Krzyża? W Genewie
57%
Jak w powieści Juliusza Verne'a nazywa się statek, którym dzieci kapitana Granta poszukują zaginionego ojca? Duncan
43%
Kogo żyjącego na przełomie XVI i XVII wieku, ze względu na wyjątkowe okrucieństwo, nazywano "diabłem łańcuckim"? Stanisława Stadnickiego
43%
Z ilu aktów składa się opera Stanisława Moniuszki "Flis"? Z jednego
43%
Która sowa ma na głowie dwa pęczki piór zwane "uszami"? Puchacz
29%
Odwrotnością której funkcji trygonometrycznej jest secans? Cosinusa
14%
Nie znaleziono quizów pasujących do podanych kryteriów
Rozkład punktacji
Procent ludzi z każdym wynikiem
Percentyl według liczby udzielonych odpowiedzi
Twoja historia wyników
Nie rozwiązałeś tego quizu od ostatniego zresetowania